000 00483nam a2200205 a 4500
001 nice12345678
003 IN_TiNIC
005 20260116011259.0
008 050524s1900 oxfa grp 000 0 eng
020 _a
_c100
082 0 0 _a297.1
_bPAL
100 _aPalmer, Mr
245 _aSacred Books of the East
260 _aOxford
_bClarendon Pressa
_c1900
500 _aincludes index and biblioraphy
700 1 _aPalmer, Mr
902 _bRBA
942 _cBK
999 _c144
_d144